000
00255nam a2200097Ia 4500
001
652890
005
20250826154447.0
008
250824s9999 xx 000 0 und d
245
0
_a
AFACAN 5 LER 20 GİZEM PEŞİNDE
_c
ENID BLYTON
260
_b
ARTEMİS YAYINLARI
999
_c
652890
_d
652890